00340nam a2200121Ia 4500008004100000082001700041100002200058245003300080260003300113365000600146630003300152730003300185100415s9999 xx 000 0 und d b10691a778.3 aBomback Edward S aManual of Colour Photography aLONDONc1964bFOUNTAIN PRESS b0 aManual of Colour Photography aManual of Colour Photography